A megújult Danubius Hotel Helia

Bibliográfiai részletek
Szerző: Ondrovics Elvira
További közreműködők: Schablik Dr. Vilmos
Dokumentumtípus: Projektmunka
Kulcsszavak:Profilváltás
Danubius szállodalánc
Danubius Hotel Hélia
Online Access:http://dolgozattar.uni-bge.hu/12154

MARC

LEADER 00000nnm a2200000 i 4500
001 dolg12154
005 20170620125521.0
008 170519suuuu hu o 000 hun d
040 |a BGE Dolgozattár Repozitórium  |b hun 
041 |a hu 
100 1 |a Ondrovics Elvira 
245 1 2 |a A megújult Danubius Hotel Helia  |c Ondrovics Elvira  |h [elektronikus dokumentum] 
246 1 1 |a A megújult Danubius Hotel Helia 
246 1 1 |a The renewed Danubius Hotel Helia 
516 |a Project_work 
695 |a Profilváltás 
695 |a Danubius szállodalánc 
695 |a Danubius Hotel Hélia 
700 1 |a Schablik Dr. Vilmos  |e ths 
856 4 0 |u http://dolgozattar.uni-bge.hu/12154/1/A%20meg%C3%BAjult%20Danubius%20Hotel%20Helia.pdf  |z Dokumentum-elérés